| 000 | 00761nam a2200205 a 4500 | ||
|---|---|---|---|
| 001 | BRCA_8836 | ||
| 005 | 20190320210430.0 | ||
| 008 | 050517s--------it-#######---#000-0#it--# | ||
| 041 | _aita | ||
| 044 | _ait | ||
| 084 |
_aBE217 _b.R67 |
||
| 100 | 1 |
_aRosignoli, Carlo Gregorio _922018 |
|
| 245 | 1 | 0 |
_aVerita eterne esposte in lezioni _bordinate principalmente per li giorno degli E sercizj spirituali _craccolte dal P. Carlo Gregorio Rosignolo, de lla compagnia de Giesú. |
| 260 |
_aVenezia, et in Bassano _bPer Gio: Antonio Remondini |
||
| 500 | _aCon licenza de superiori | ||
| 500 | _aEstado físico: presenta ecnuadernación en pergamino con cintas totas y presencia del pez de plata | ||
| 650 | 1 | 4 |
_aMeditación _922019 |
| 902 | _aCFM | ||
| 942 |
_2lcc _cB |
||
| 999 |
_c8487 _d8487 |
||